000 01036nam a2200301 i 4500
001 44987
003 ES-MaACL
005 20251003200119.0
007 t|
008 030324s1980 sp ||||1| spa d
020 _a84-85157-21-4
080 _a398.8(468.1)
080 _a929 Bizco Amate:398.8(468.1)
100 1 _aCobo, Eugenio.
_939348
245 1 0 _aAndares del Bizco Amate /
_cpor Eugenio Cobo ; con prólogo de Andrés Raya.
260 _a[Córdoba] :
_bDemófilo,
_c[1980]
300 _a27 p. ;
_c19 cm.
490 1 _aMemoria del sur
490 1 _aCuadernos andaluces de cultura popular ;
_v1
594 _aEl Bizco Amate: nombre artístico del cantaor gitano Enrique Guillén Cascajosa.
600 1 4 _aGuillén Cascajosa, Enrique,
_d1917-1948
_9172944
650 7 _aCante flamenco
_2embne
_910750
700 1 _aRaya, Andrés.
_995623
830 1 _aMemoria del sur
_9229915
830 1 _aCuadernos andaluces de cultura popular ;
_v1
_9229916
852 _aES-MaACL
_j2114-F-7
999 _c44987
_d44987